Cyclisme : Effectif 2025 de la Lidl Trek - Statistiques

Statistiques générales
  • Ce quiz a été pris 63 fois
  • Le résultat moyen est 15 sur 30
Statistiques - réponses
Pays Reprensenté Coureur % Correct
Danemark Mads Pedersen
94%
France Julien Bernard
85%
Italie Giulio Ciccone
83%
Lettonie Toms Skujiņš
74%
Italie Jonathan Milan
72%
Belgique Jasper Stuyven
66%
Danemark Mattias Skjelmose
66%
USA Quinn Simmons
66%
Luxembourg Alex Kirsch
64%
République Tchèque Mathias Vacek
60%
Afrique du Sud Ryan Gibbons
53%
Pays-Bas Daan Hoole
51%
Belgique Thibau Nys
51%
Espagne Juan Pedro López
49%
Royaume-Uni Tao Geoghegan Hart
47%
Espagne Carlos Verona
45%
Allemagne Lennard Kämna
43%
Italie Andrea Bagioli
40%
Italie Simone Consonni
38%
Belgique Edward Theuns
36%
Allemagne Tim Torn Teutenberg
36%
Autriche Patrick Konrad
34%
Érythrée Amanuel Ghebreigzabhier
32%
Danemark Søren Kragh Andersen
32%
Belgique Tim Declercq
32%
Danemark Albert Withen Philipsen
26%
Pays-Bas Bauke Mollema
26%
Pays-Bas Sam Oomen
19%
Italie Jacopo Mosca
17%
Belgique Otto Vergaerde
17%
Aucun quiz correspondant
Distribution des résultats
% des personnes avec chaque résultat
Percentile par nombre de réponses
Votre historique - résultats
Vous n’avez pas pris ce quiz